000 00608nam a22001937a 4500
005 20240919112045.0
010 _aENG-140234
020 _c275.00
_a9789390746200
035 _aEN-123766
037 _bDBAD
082 _a881
100 _aDewra, Devansh
_971761
245 _aMirrors:
_cBy Devansh Dewra
_bReflections on the Alchemy of Life/
260 _aKolkata
_bEXCELLER BOOKS
_c2021
270 _aG1,Dream Apartment, Degree College Road, Belgharia
_bKolkata
_e700056
300 _a56p.
_c21cm(pb)
500 _aFor Reflections on the Alchemy of life.
942 _2ddc
_cEN
_mDEW
_h881
999 _c202386
_d202386